Prueba de FNAF - Estadísticas

Estadísticas generales
  • Esta prueba ha sido intentada 37 veces
  • La puntuación promedio es 11 de 17
Estadísticas de respuestas
Pregunta Respuesta % Correcto
¿Quién es el principal sospechoso de las 5 muertes de niños en el local? William Afton
97%
¿Cuál es el principal antagonista del juego? Freddy Fazbear
93%
¿Qué objeto debías usar para evitar a los animatronicos en FNAF 2 (Excepto Foxy y Puppet)? Máscara
93%
¿Cuándo se estrenó la película de FNAF? 2023
83%
¿Qué personaje le hizo tener pesadillas sobre él al creador? Bonnie
83%
¿Cuál es el nombre del tercer juego sacado de la franquicia? FNAF 3
79%
En FNAF 6 eres el propietario de una... Pizzeria
76%
¿Qué animatronico es responsable de la mordida del 83? Fredbear
66%
¿Quién fue el creador del primer juego? Scott Cawthon
62%
¿Y quién murió a causa de eso? Crying Child
55%
¿Qué tipo de animatronicos fueron diseñados para matar? Funtime
55%
¿Qué icónico personaje dice la frase "I always come back."? Afton
52%
¿Cómo se llama el guardia de seguridad del primer juego? Mike Schmidt
41%
¿Y el del segundo? Jeremy Fitzgerald
34%
¿Qué hace que el asesino al morir en Springtrap no muera? Remanente
34%
En FNAF 4 entre noches te puede salir un minijuego para saltarte 2h extra en la siguiente partida, ¿Cuál es el nombre de ese minijuego? Fun with Plushtrap
28%
¿Cuántas estrellas puedes conseguir en el tercer juego? 4 estrellas
21%
No se encontraron pruebas coincidentes
Distribución de puntuación
Porcentaje de gente con cada puntuación
Porcentaje por número respondido
Historial de tus puntuaciones
No has intentado esta prueba.